Géo phrase - Statistiques

Statistiques générales
  • Ce quiz a été pris 38 fois
  • Le résultat moyen est 7 sur 13
Statistiques - réponses
Hint Réponse % Correct
Liquide dans lequel on se baigne eau
97%
Oléron en est une Île
97%
Plus long fleuve de France Loire
92%
Ancienne orthographe de "français" françois
61%
Elévation de terrain d'altitude plus ou moins élevée mont
61%
Partie d’un cours d’eau comprise entre un point donné et la source Amont
58%
Sa préfecture est Bourges Cher
58%
Préfecture de l'Aube Troyes
58%
Antonyme du premier mot à trouver aval
56%
Subdivision administrative et territoriale de l'Allemagne land
56%
Chef-lieu de l'Yonne Sens
17%
Ville de Wallonie à 3 lettres Ath
14%
Canaux occupés par des rivières ou des fleuves (synonyme de "ravins") lits
6%
Aucun quiz correspondant
Distribution des résultats
% des personnes avec chaque résultat
Percentile par nombre de réponses
Votre historique - résultats
Vous n’avez pas pris ce quiz